000 00245nam a2200097Ia 4500
001 705813
005 20250826162437.0
008 250824s9999 xx 000 0 und d
245 0 _aAŞIKLAR
_cİBNU L KAYYİM EL-CEVZİYYE
260 _bŞULE YAYINLARI
999 _c705813
_d705813